| 000 | 01352 a2200385 4500 | ||
|---|---|---|---|
| 001 | 12263851 | ||
| 003 | 000 | ||
| 005 | 20251011181426.0 | ||
| 008 | 001221s2000 enk b 001 0 eng | ||
| 010 | _a 00054985 | ||
| 020 | _a9781032936130 | ||
| 020 | _a9781032936130 | ||
| 035 | _a12263851 | ||
| 040 |
_aDLC _cDLC _dDLC _dWaU _dDLC _erda |
||
| 043 |
_ae-yu--- _aa-io--- |
||
| 050 | 0 | 0 | _aDR 2087 .C47 |
| 082 | 0 | 0 |
_a949.71 _221 |
| 100 | 1 | _aChomsky, Noam. | |
| 245 | 1 | 2 |
_aA new generation draws the line : _bKosovo, East Timor, and the standards of the West / _cNoam Chomsky. |
| 250 | _a3rd. ed. | ||
| 260 |
_aLondon ; _aNew York : _bRoutledge _c2025 |
||
| 264 |
_aLondon ; _bRoutledge _c2025 |
||
| 300 |
_a154 p. ; _c20 cm. |
||
| 336 |
_atext _btxt _2rdacontent |
||
| 337 |
_aunmediated _bn _2rdamedia |
||
| 338 |
_avolume _bnc _2rdacarrier |
||
| 504 | _aIncludes bibliographical references and index. | ||
| 650 | 0 | _aKosovo War, 1998-1999. | |
| 650 | 0 |
_aWorld politics _y1989- |
|
| 651 | 0 |
_aTimor-Leste _xHistory _xAutonomy and independence movements. |
|
| 906 |
_a7 _bcbc _corignew _d1 _eocip _f20 _gy-gencatlg |
||
| 942 |
_2lcc _cBK |
||
| 999 |
_c43722 _d43722 |
||